000 00744nam a2200241 i 4500
001 000029316
003 DO-SdBNP
005 20230825113327.0
007 ta
008 110414s1962 dr 000 0 spa d
040 _aDO-SdBNP
_bspa
_cBNPHU
_erda
082 4 _bC733
_222
110 2 _aComisión de Defensa del Azúcar y Fomento de la Caña de la República Dominicana
_956201
245 0 3 _aEl azucar a través de los tiempos :
_b(hasta el año 1948).
264 _aSanto Domingo :
_bMontalvo,
_c1962.
300 _a35 páginas ;
_c24 cm.
336 _2rdacontent
_atexto
_btxt
337 _2rdamedia
_asin mediación
_bnc
338 _2rdacarrier
_avolumen
_bn
590 _aInventariado, 2023/BT
910 _aBtavárez
942 _2ddc
_cLF2
999 _c28808
_d28808